[Event "Bethune op-B 25th"]
[Site "Bethune"]
[Date "2004.12.26"]
[Round "1"]
[White "Desauty, Gerard"]
[Black "De Jong, Arjen"]
[Result "1-0"]
[WhiteElo "1560"]
[BlackElo "1690"]
[PlyCount "108"]
[EventDate "2004.12.26"]
[EventType "swiss"]
[EventRounds "7"]
[EventCountry "FRA"]
[SourceTitle "EXT 2006"]
[Source "ChessBase"]
[SourceDate "2005.11.24"]
[SourceVersion "1"]
[SourceVersionDate "2005.11.24"]
[SourceQuality "1"]

1. e4 c5 2. Ne2 d6 3. Nbc3 Nc6 4. d4 cxd4 5. Nxd4 Nf6 6. Be2 e6 7. Be3 Be7 8. Qd2 0-0 9. f4 a6 10. 0-0-0 Nxd4 11. Bxd4 b5 12. Bf3 d5 13. exd5 exd5 14. Bxf6 Bxf6 15. Nxd5 Rb8 16. Nxf6+ Qxf6 17. Rhe1 Be6 18. Kb1 b4 19. h3 Rfc8 20. Bg4 Bxg4 21. hxg4 Qc6 22. Rh1 a5 23. g3 a4 24. g5 g6 25. Rh6 Rb5 26. Rdh1 b3 27. Rxh7 Qxc2+ 28. Qxc2 bxc2+ 29. Kc1 f6 30. Rh8+ Kf7 31. Rxc8 a3 32. b3 fxg5 33. Rh7+ Kf6 34. Rc6+ Kf5 35. Rhc7 Ke4 36. Rc5 Rb8 37. Rxg5 Rh8 38. Rc4+ Kd3 39. Rd5+ Ke3 40. Rxc2 g5 41. f5 Rh1+ 42. Rd1 Rh6 43. Rf1 Rf6 44. b4 g4 45. b5 Ke4 46. Rc6 Rf7 47. b6 Kd3 48. Rc7 Ke2 49. Rxf7 Kxf1 50. b7 Kg2 51. b8Q Kf3 52. Qb7+ Kf2 53. Qb3 Kf1 54. Re7 Kg2 1-0